Účtovníctvo od 1.1. 2014

Základné právne predpisy v oblasti účtovníctva.

Gespeichert in:
Bibliographische Detailangaben
1. Verfasser: Mráziková, Janka
Format: Buchkapitel
Sprache:Slowakisch
Schlagworte:
Tags: Tag hinzufügen
Keine Tags, Fügen Sie das erste Tag hinzu!

MARC

LEADER 00000naa a2200000 4500
001 0180739
005 20231120130032.4
041 0 |a slo 
044 |a SK 
245 1 0 |a Účtovníctvo od 1.1. 2014  |c Janka Mráziková 
520 |a Základné právne predpisy v oblasti účtovníctva. 
610 2 0 |a Slovensko 
610 2 0 |a predpisy právne 
610 2 0 |a účtovníctvo 
100 1 |a Mráziková, Janka